[Event "Rhein Main op-B 19th"]
[Site "Bad Homburg"]
[Date "2016.05.29"]
[Round "7"]
[White "Helmich, Nikolai"]
[Black "Tiggemann, Felix"]
[Result "1/2-1/2"]
[WhiteElo "1331"]
[BlackElo "1211"]
[PlyCount "34"]
[EventDate "2016.05.25"]
[EventType "swiss"]
[EventRounds "7"]
[EventCountry "GER"]
[SourceTitle "EXT 2017"]
[Source "ChessBase"]
[SourceDate "2016.10.25"]
[SourceVersion "1"]
[SourceVersionDate "2016.10.25"]
[SourceQuality "1"]

1. c4 e6 2. g3 c6 3. Bg2 d5 4. cxd5 cxd5 5. Nf3 Qb6 6. Nc3 Nf6 7. 0-0 Bd6 8. d3 0-0 9. Rb1 Bd7 10. Bd2 Re8 11. a3 a5 12. e3 Nc6 13. Re1 Rac8 14. Bf1 d4 15. Nxd4 Nxd4 16. exd4 Qxd4 17. Be3 Qe5 1/2-1/2